000 00646nam a2200241Ia 4500
003 OSt
005 20220928110506.0
006 a|||||r|||| 00| 0
007 ta
008 220927b |||||||| |||| 00| 0 eng d
024 _a57986
037 _cTextual
040 _aSDCL
_cSDCL
_beng
041 _2eng
_aeng
082 _ao-,2M881,39, H6
100 _aSheriar K
_9397937
245 0 _aEugene Oneill
_b Play .
260 _aNewyork
_bRandon House
_c1946
300 _a489p.
_ccm.
700 _a Christie Anna
_9419746
942 _ho-,2M881,39, H6
_cTEXL
_2CC
999 _c735881
_d735881